| 000 | 00717nam a2200217 a 4500 | ||
|---|---|---|---|
| 001 | BRCA_730 | ||
| 005 | 20190320203126.0 | ||
| 008 | 871021s1985 mx-a---##b---s000-0#spa-# | ||
| 020 | _a968816058X | ||
| 040 |
_aDLC _cDLC _dDLC |
||
| 050 | 4 |
_aF1386 _b.D57 8 _c1985 |
|
| 245 | 1 | 0 | _aLos Recintos en Palacio Nacional. |
| 260 |
_aMéxico _bDepartamento del Distrito Federal _c1985 |
||
| 300 |
_a100 p. _bil. _c21 cm. |
||
| 440 | 0 |
_aColección Distrito Federal _v8 _92404 |
|
| 504 | _aBibliografía: p. 93 | ||
| 610 | 2 | 4 |
_aPalacio Nacional _zCiudad de México _92405 |
| 610 | 2 | 4 |
_aPalacio Nacional _bRecinto de Homenaje a Don Benito Juárez _zCiudad de México _92406 |
| 740 | 0 | _aRecintos en el Palacio Nacional | |
| 942 |
_2lcc _cB |
||
| 999 |
_c630 _d630 |
||